[Event "P-5190"]
[Site "IECC email"]
[Date "2021.05.10"]
[Round "?"]
[White "Possolo, Miguel"]
[Black "Chavez, Oscar"]
[Result "1-0"]
[WhiteElo "1219"]
[BlackElo "1110"]
[PlyCount "63"]
[EventDate "2021.??.??"]
[EventType "tourn (corr)"]
[SourceTitle "Corr 2024"]
[Source "ChessBase"]
[SourceDate "2023.10.19"]
[SourceVersion "1"]
[SourceVersionDate "2023.10.19"]
[SourceQuality "1"]
[WhiteTeam "England"]
[BlackTeam "Vereinigte Staaten"]
[WhiteTeamCountry "ENG"]
[BlackTeamCountry "USA"]

1. e4 d6 2. Nf3 Nf6 3. Nc3 g6 4. d4 Bg7 5. Bg5 0-0 6. Qd2 c6 7. Bh6 b5 8. a3 Bg4 9. Be2 c5 10. Nxb5 Nxe4 11. Qf4 Qa5+ 12. b4 cxb4 13. Bxg7 Kxg7 14. Qxe4 Bd7 15. 0-0 Qd8 16. Qxa8 a6 17. Nxd6 Bc6 18. Qa7 Qxd6 19. axb4 Qxb4 20. Rab1 Qd6 21. Bxa6 Be4 22. Rb6 Qd8 23. Bd3 Nd7 24. Rb4 Bd5 25. c4 Ba8 26. Re1 e6 27. Be4 Qe7 28. Rb3 f5 29. Bxa8 Qd6 30. Rb7 Kh6 31. Rxd7 Rxa8 32. Rxh7# 1-0

[Event "P-5142"]
[Site "IECC email"]
[Date "2019.11.25"]
[Round "?"]
[White "Hutton, Andrew"]
[Black "Possolo, Miguel"]
[Result "0-1"]
[WhiteElo "1342"]
[BlackElo "1186"]
[PlyCount "80"]
[EventDate "2019.??.??"]
[EventType "tourn (corr)"]
[SourceTitle "Corr 2024"]
[Source "ChessBase"]
[SourceDate "2023.10.19"]
[SourceVersion "1"]
[SourceVersionDate "2023.10.19"]
[SourceQuality "1"]
[WhiteTeam "Hongkong"]
[BlackTeam "England"]
[WhiteTeamCountry "HKG"]
[BlackTeamCountry "ENG"]

1. d4 d5 2. Nf3 Nc6 3. b3 e6 4. Bb2 Nf6 5. Nbd2 Bd6 6. e3 a6 7. g3 0-0 8. Bg2 Re8 9. Qe2 Nb4 10. Nf1 Bd7 11. a3 Nc6 12. N1d2 e5 13. dxe5 Bxe5 14. Nxe5 Nxe5 15. 0-0-0 Bb5 16. Qe1 c5 17. h3 Qe7 18. a4 Bc6 19. Ba3 b5 20. axb5 axb5 21. Bb2 Red8 22. f4 Ned7 23. Qf2 c4 24. Bd4 Ra2 25. Rde1 cxb3 26. Nxb3 Ne4 27. Bxe4 Qxe4 28. Kb1 Rda8 29. Nc1 R2a4 30. Qd2 Nf8 31. Rh2 Ne6 32. Bb2 h6 33. Ne2 Qc4 34. Nc3 R4a6 35. Kc1 b4 36. Nb1 b3 37. c3 Nc5 38. Na3 Rxa3 39. Rd1 Ra1+ 40. Bxa1 Rxa1+ 0-1

[Event "P-5047"]
[Site "IECC email"]
[Date "2017.07.11"]
[Round "?"]
[White "MacDonald, Weldon"]
[Black "Possolo, Miguel"]
[Result "1/2-1/2"]
[WhiteElo "1693"]
[BlackElo "1158"]
[PlyCount "106"]
[EventDate "2017.??.??"]
[EventType "tourn (corr)"]
[SourceTitle "Corr 2020"]
[Source "ChessBase"]
[SourceDate "2019.09.30"]
[SourceVersion "1"]
[SourceVersionDate "2019.09.30"]
[SourceQuality "1"]
[WhiteTeam "United States"]
[BlackTeam "England"]
[WhiteTeamCountry "USA"]
[BlackTeamCountry "ENG"]

1. d4 d5 2. Bf4 Nc6 3. e3 Nf6 4. c4 e6 5. Nf3 h6 6. Nc3 a6 7. Bd3 Bb4 8. a3 Bxc3+ 9. bxc3 Bd7 10. Rb1 b6 11. 0-0 Na5 12. Qe2 dxc4 13. Bxc4 Nxc4 14. Qxc4 Nd5 15. Qd3 0-0 16. Bg3 b5 17. Ne5 f6 18. Ng6 Rf7 19. h4 Rc8 20. e4 Nb6 21. Rfc1 c5 22. Qe3 Nc4 23. Qe2 Nxa3 24. Ra1 Nc4 25. Rxa6 Rc6 26. Rca1 cxd4 27. Ra8 Rc8 28. Rxc8 Bxc8 29. Ra8 Nb6 30. Ra1 dxc3 31. Qxb5 e5 32. h5 Rd7 33. Qb3+ Kh7 34. Qxc3 Rd1+ 35. Kh2 Rxa1 36. Qxa1 Bg4 37. Qa7 Bxh5 38. Ne7 Nc8 39. Nxc8 Qxc8 40. Qe3 g5 41. f3 Bf7 42. Bf2 f5 43. exf5 Qxf5 44. Bg3 e4 45. fxe4 Qe6 46. e5 g4 47. Bf4 h5 48. Bg5 Qf5 49. Bf6 Be6 50. Kg3 Kg6 51. Kh4 Bd5 52. g3 Bf7 53. Qc1 Be6 1/2-1/2

[Event "P-4896"]
[Site "IECC email"]
[Date "2014.04.28"]
[Round "?"]
[White "Koba, Hiro"]
[Black "Possolo, Miguel"]
[Result "0-1"]
[WhiteElo "1136"]
[BlackElo "1127"]
[PlyCount "58"]
[EventDate "2014.??.??"]
[EventType "tourn (corr)"]
[SourceTitle "Corr 2020"]
[Source "ChessBase"]
[SourceDate "2019.09.30"]
[SourceVersion "1"]
[SourceVersionDate "2019.09.30"]
[SourceQuality "1"]
[WhiteTeam "Japan"]
[BlackTeam "England"]
[WhiteTeamCountry "JPN"]
[BlackTeamCountry "ENG"]

1. e4 c5 2. Nf3 Nc6 3. d4 cxd4 4. Nxd4 e5 5. Nb5 a6 6. N5c3 Nf6 7. Bc4 b5 8. Bd5 Bb7 9. Bg5 h6 10. Bxf6 Qxf6 11. Nd2 Bc5 12. Qe2 Bd4 13. 0-0 0-0 14. Nf3 Rfe8 15. Nh4 Rab8 16. Nf5 Qg6 17. Qf3 Nb4 18. Ne2 Bxd5 19. c3 Bxa2 20. cxd4 exd4 21. Nexd4 Rb6 22. Rac1 Bc4 23. b3 Bxf1 24. Kxf1 Nc6 25. Qh3 Nxd4 26. Nxd4 Rd6 27. Nf5 Rde6 28. Qd3 Rxe4 29. Qxd7 Qe6 0-1

[Event "IECC CL7-2012.01 email"]
[Site "IECC email"]
[Date "2012.02.02"]
[Round "?"]
[White "Possolo, Miguel"]
[Black "Dawkins, Arthur William"]
[Result "0-1"]
[WhiteElo "1114"]
[BlackElo "1024"]
[PlyCount "82"]
[EventDate "2012.??.??"]
[EventType "tourn (corr)"]
[EventRounds "4"]
[SourceTitle "Telechess CBM 165"]
[Source "ChessBase"]
[SourceDate "2015.03.11"]
[SourceVersion "1"]
[SourceVersionDate "2015.03.11"]
[SourceQuality "1"]
[WhiteTeam "England"]
[WhiteTeamCountry "ENG"]

1. e4 c5 2. Nf3 d6 3. d4 cxd4 4. Nxd4 Nf6 5. Nc3 a6 6. Bd3 Nc6 7. Be3 Nxd4 8. Bxd4 e5 9. Be3 b5 10. f4 Be7 11. 0-0 0-0 12. f5 Bb7 13. Qe1 b4 14. Nd5 Nxd5 15. exd5 a5 16. a3 Bxd5 17. axb4 axb4 18. Qxb4 Rb8 19. Qg4 Bf6 20. c4 Bc6 21. Rf2 Re8 22. Rb1 Rb3 23. Qe2 e4 24. Bc2 Rxb2 25. Rxb2 Bxb2 26. Qg4 Bf6 27. Rf4 Qa5 28. Kf1 Qc3 29. Qe2 Bg5 30. g3 Bxf4 31. Bxf4 d5 32. cxd5 Bxd5 33. Kg2 e3+ 34. Kh3 Qc6 35. Bxe3 h6 36. Qf2 Be4 37. Bxe4 Rxe4 38. Bf4 Qf6 39. Qf3 Qxf5+ 40. Kh4 g5+ 41. Kh5 Qh3# 0-1

[Event "IECC CL7-2008.06 email"]
[Site "IECC email"]
[Date "2008.09.09"]
[Round "?"]
[White "Belej, Juan"]
[Black "Possolo, Miguel"]
[Result "0-1"]
[WhiteElo "1092"]
[BlackElo "1104"]
[PlyCount "60"]
[EventDate "2008.??.??"]
[EventType "tourn (corr)"]
[EventRounds "4"]
[SourceTitle "Corr 2011"]
[Source "ChessBase"]
[SourceDate "2010.08.31"]
[SourceVersion "1"]
[SourceVersionDate "2010.08.31"]
[SourceQuality "1"]
[WhiteTeam "Argentina"]
[BlackTeam "England"]
[WhiteTeamCountry "ARG"]
[BlackTeamCountry "ENG"]

1. d4 e6 2. e4 d5 3. e5 c5 4. Nf3 Nc6 5. Bd3 cxd4 6. 0-0 Bd7 7. a3 a5 8. Nbd2 Bc5 9. Nb3 Ba7 10. Bd2 f6 11. Bf4 a4 12. Nbd2 Bb8 13. Re1 fxe5 14. Nxe5 Nxe5 15. Bxe5 Bxe5 16. Rxe5 Nf6 17. b4 axb3 18. cxb3 0-0 19. Nf3 Qc7 20. Re1 Ng4 21. h3 Nh6 22. Nxd4 e5 23. Nc2 e4 24. Be2 Be6 25. Nd4 Qe5 26. f3 Bxh3 27. gxh3 Qg3+ 28. Kh1 Qxh3+ 29. Kg1 Qg3+ 30. Kf1 Ng4 0-1

[Event "IECC CL7-2004.20 email"]
[Site "IECC email"]
[Date "2004.12.13"]
[Round "?"]
[White "Possolo, Miguel"]
[Black "Certoux, Christophe"]
[Result "0-1"]
[WhiteElo "1124"]
[BlackElo "1175"]
[PlyCount "87"]
[EventDate "2004.??.??"]
[EventType "tourn (corr)"]
[EventRounds "4"]
[SourceTitle "Corr 2020"]
[Source "ChessBase"]
[SourceDate "2019.09.30"]
[SourceVersion "1"]
[SourceVersionDate "2019.09.30"]
[SourceQuality "1"]
[WhiteTeam "South Africa"]
[BlackTeam "France"]
[WhiteTeamCountry "RSA"]
[BlackTeamCountry "FRA"]

1. e4 c6 2. Nf3 d5 3. exd5 Qxd5 4. Nc3 Qd8 5. d4 Nf6 6. Bd3 Bg4 7. h3 Bxf3 8. Qxf3 Qxd4 9. 0-0 e5 10. Rd1 Qb6 11. Na4 Qc7 12. Be3 Bd6 13. c4 0-0 14. Nc5 Qe7 15. Ne4 Nxe4 16. Bxe4 Bc5 17. a3 Bxe3 18. Qxe3 Nd7 19. b4 f5 20. Bc2 b6 21. Bb3 c5 22. b5 a6 23. a4 a5 24. Ra2 Rad8 25. Rad2 Rf6 26. f4 e4 27. Rd5 h5 28. Bc2 Rf7 29. g4 g6 30. Rd6 Kh7 31. g5 Qe8 32. R1d5 Re7 33. Rc6 Rc8 34. Rxc8 Qxc8 35. Bd1 Nf8 36. Be2 Ne6 37. Rd6 Qc7 38. Qd2 Nd4 39. Rd5 Qxf4 40. Rxd4 Qg3+ 41. Kf1 Qxh3+ 42. Ke1 e3 43. Qd3 Qh1+ 44. Bf1 0-1

[Event "IECC CL7-2004.20 email"]
[Site "IECC email"]
[Date "2004.12.13"]
[Round "?"]
[White "Stevenson, Walter"]
[Black "Possolo, Miguel"]
[Result "0-1"]
[WhiteElo "1110"]
[BlackElo "1107"]
[PlyCount "57"]
[EventDate "2004.??.??"]
[EventType "tourn (corr)"]
[EventRounds "4"]
[SourceTitle "Corr 2008"]
[Source "ChessBase"]
[SourceDate "2008.06.24"]
[SourceVersion "1"]
[SourceVersionDate "2008.06.24"]
[SourceQuality "1"]

1. d4 d5 2. c4 Nc6 3. cxd5 Qxd5 4. Nf3 Bg4 5. Nc3 Qa5 6. e3 0-0-0 7. Be2 e5 8. 0-0 Bxf3 9. Bxf3 exd4 10. exd4 Rxd4 11. Qe2 Nf6 12. Bxc6 bxc6 13. Be3 Rd7 14. Qf3 Nd5 15. Bd4 Nxc3 16. Bxc3 Qb5 17. Rfe1 f6 18. Qg4 Bd6 19. Re2 h5 20. Qe6 c5 21. Rae1 Kb8 22. Qe4 Rdd8 23. Qg6 Be5 24. Bxe5 fxe5 25. h3 Rde8 26. Qxg7 Rhg8 27. Qh6 Qb7 28. g3 Qd5 29. Qd2 0-1

[Event "IECC CL7-2003.24 email"]
[Site "IECC email"]
[Date "2003.11.04"]
[Round "?"]
[White "Kondal, Rao"]
[Black "Possolo, Miguel"]
[Result "1-0"]
[WhiteElo "1034"]
[BlackElo "1105"]
[PlyCount "53"]
[EventDate "2003.??.??"]
[EventType "tourn (corr)"]
[EventRounds "4"]
[SourceTitle "Corr 2008"]
[Source "ChessBase"]
[SourceDate "2008.06.24"]
[SourceVersion "1"]
[SourceVersionDate "2008.06.24"]
[SourceQuality "1"]

1. e4 c5 2. Nf3 d6 3. d4 b6 4. c4 Nf6 5. Bd3 Bg4 6. d5 Nbd7 7. 0-0 Ne5 8. Be2 Bxf3 9. Bxf3 Nxc4 10. Qa4+ Qd7 11. Qxc4 b5 12. Qc3 b4 13. Qc4 g6 14. Nd2 Bg7 15. h3 0-0 16. Rb1 a5 17. e5 dxe5 18. Ne4 Nxe4 19. Bxe4 Qd6 20. Be3 Rfe8 21. Bxc5 Qd7 22. Rfd1 Rac8 23. d6 exd6 24. Rxd6 Qe7 25. Rc6 Qd7 26. Ra6 Ra8 27. Bxa8 1-0

[Event "IECC CL7-2003.24 email"]
[Site "IECC email"]
[Date "2003.11.04"]
[Round "?"]
[White "Possolo, Miguel"]
[Black "Agnew, George Hartwell"]
[Result "1-0"]
[WhiteElo "1106"]
[BlackElo "1113"]
[PlyCount "43"]
[EventDate "2003.??.??"]
[EventType "tourn (corr)"]
[EventRounds "4"]
[SourceTitle "Corr 2008"]
[Source "ChessBase"]
[SourceDate "2008.06.24"]
[SourceVersion "1"]
[SourceVersionDate "2008.06.24"]
[SourceQuality "1"]

1. e4 e5 2. Nf3 Nc6 3. Nc3 Bc5 4. Bb5 Nge7 5. d3 0-0 6. Ne2 d6 7. d4 Nxd4 8. Nfxd4 exd4 9. Nxd4 Bxd4 10. Qxd4 a6 11. Bd3 Nc6 12. Qc3 Ne5 13. Bf4 Nxd3+ 14. Qxd3 Qf6 15. Bc1 Re8 16. 0-0 Bd7 17. f3 Qe6 18. Bd2 Bb5 19. Qd4 Bxf1 20. Rxf1 Qxa2 21. Bc3 Qe6 22. Qxg7# 1-0

[Event "IECC CL7-2003.14 email"]
[Site "IECC email"]
[Date "2003.06.07"]
[Round "?"]
[White "Bell, Patricia"]
[Black "Possolo, Miguel"]
[Result "1-0"]
[WhiteElo "1062"]
[BlackElo "1145"]
[PlyCount "57"]
[EventDate "2003.??.??"]
[EventType "tourn (corr)"]
[EventRounds "4"]
[SourceTitle "Corr 2008"]
[Source "ChessBase"]
[SourceDate "2008.06.24"]
[SourceVersion "1"]
[SourceVersionDate "2008.06.24"]
[SourceQuality "1"]

1. d4 e6 2. Nf3 Nf6 3. Bf4 d5 4. e3 c5 5. c3 c4 6. Nbd2 Bd6 7. Ne5 Nbd7 8. Be2 0-0 9. 0-0 b5 10. Nxf7 Rxf7 11. Bxd6 Nb6 12. Be5 Na4 13. Rb1 Nd7 14. Bf4 a5 15. Bg3 b4 16. Qxa4 Nb6 17. Qc6 Bd7 18. Qc7 Na4 19. h3 bxc3 20. Nf3 cxb2 21. Qxd8+ Rxd8 22. Bc7 Ra8 23. Ne5 Ra7 24. Nxf7 Rxc7 25. Ne5 Be8 26. Bg4 Bf7 27. Bd1 Nc3 28. Rxb2 a4 29. Rb8+ 1-0

[Event "IECC CL7-2003.14 email"]
[Site "IECC email"]
[Date "2003.06.07"]
[Round "?"]
[White "Mottershead, Richard"]
[Black "Possolo, Miguel"]
[Result "1-0"]
[WhiteElo "1102"]
[BlackElo "1163"]
[PlyCount "67"]
[EventDate "2003.??.??"]
[EventType "tourn (corr)"]
[EventRounds "4"]
[SourceTitle "Corr 2008"]
[Source "ChessBase"]
[SourceDate "2008.06.24"]
[SourceVersion "1"]
[SourceVersionDate "2008.06.24"]
[SourceQuality "1"]

1. e4 c5 2. d4 e6 3. c3 cxd4 4. cxd4 Bb4+ 5. Bd2 Bxd2+ 6. Nxd2 Nf6 7. e5 Nd5 8. Ngf3 Nc6 9. a3 0-0 10. Ne4 f5 11. exf6 Nxf6 12. Bd3 Nxe4 13. Bxe4 d5 14. Bc2 Qa5+ 15. b4 Qc7 16. 0-0 e5 17. dxe5 Nxe5 18. Qxd5+ Nf7 19. Be4 Rd8 20. Qb3 Bg4 21. Ng5 h6 22. Nxf7 Qxf7 23. Qxf7+ Kxf7 24. Bxb7 Rab8 25. Be4 Kg8 26. Rab1 Rd4 27. f3 Bd7 28. Rfd1 Rxd1+ 29. Rxd1 Ba4 30. Rc1 Rd8 31. Kf2 Rd2+ 32. Kg3 Ra2 33. Bd5+ Kh8 34. Bxa2 1-0

[Event "IECC CL7-2003.14 email"]
[Site "IECC email"]
[Date "2003.06.07"]
[Round "?"]
[White "Possolo, Miguel"]
[Black "Dockery, Donovan"]
[Result "1-0"]
[WhiteElo "1151"]
[BlackElo "1068"]
[PlyCount "73"]
[EventDate "2003.??.??"]
[EventType "tourn (corr)"]
[EventRounds "4"]
[SourceTitle "Corr 2008"]
[Source "ChessBase"]
[SourceDate "2008.06.24"]
[SourceVersion "1"]
[SourceVersionDate "2008.06.24"]
[SourceQuality "1"]

1. e4 c6 2. d4 d5 3. e5 Bf5 4. Nf3 Bg4 5. Be2 e6 6. h3 Bf5 7. Bg5 Be7 8. Bxe7 Qxe7 9. Nbd2 f6 10. c3 Nd7 11. 0-0 fxe5 12. Nxe5 Nxe5 13. dxe5 0-0-0 14. b4 Qg5 15. Nf3 Qg6 16. Nh4 Qg5 17. Nxf5 Qxf5 18. Qd4 Ne7 19. Bg4 Qg6 20. Qxa7 Nf5 21. Qa8+ Kc7 22. Qa5+ Kd7 23. b5 h5 24. bxc6+ Kxc6 25. Qa4+ b5 26. Qa6+ Kc5 27. Be2 Qe8 28. Rab1 Rb8 29. a4 bxa4 30. Qa5+ Kc6 31. Bb5+ Rxb5 32. Rxb5 Qa8 33. Qb6+ Kd7 34. Ra5 Rb8 35. Ra7+ Ke8 36. Rxa8 Rxa8 37. Qc6+ 1-0

[Event "IECC CL7-2002.22"]
[Site "IECC email"]
[Date "2002.10.31"]
[Round "?"]
[White "Gumminger, Fred"]
[Black "Possolo, Miguel"]
[Result "1-0"]
[WhiteElo "1039"]
[BlackElo "1179"]
[PlyCount "67"]
[EventDate "2002.??.??"]
[EventType "tourn (corr)"]
[EventRounds "4"]
[SourceTitle "Corr 2008"]
[Source "ChessBase"]
[SourceDate "2008.06.24"]
[SourceVersion "1"]
[SourceVersionDate "2008.06.24"]
[SourceQuality "1"]

1. d4 e6 2. c4 Bb4+ 3. Nc3 Nf6 4. Bg5 h6 5. Bh4 g5 6. Bg3 Ne4 7. Be5 f6 8. Qc2 d5 9. Bg3 Nc6 10. e3 Bxc3+ 11. bxc3 Ne7 12. cxd5 exd5 13. Nf3 Bf5 14. Qb2 Nxg3 15. fxg3 b6 16. Bb5+ Bd7 17. 0-0 Nf5 18. a4 Qe7 19. Ba6 0-0 20. Bb7 Rae8 21. Bxd5+ Kg7 22. Rae1 Bxa4 23. e4 Nd6 24. Qb4 Qd7 25. e5 fxe5 26. dxe5 a5 27. Qb2 Nf5 28. c4 Qe7 29. e6+ Kg8 30. Ne5 Qc5+ 31. Kh1 Ne3 32. Nd7 Rxf1+ 33. Rxf1 Bxd7 34. exd7+ 1-0

[Event "IECC CL7-2002.22"]
[Site "IECC email"]
[Date "2002.10.31"]
[Round "?"]
[White "Possolo, Miguel"]
[Black "Neatham, Graeme"]
[Result "1/2-1/2"]
[WhiteElo "1157"]
[BlackElo "1141"]
[PlyCount "52"]
[EventDate "2002.??.??"]
[EventType "tourn (corr)"]
[EventRounds "4"]
[SourceTitle "Corr 2008"]
[Source "ChessBase"]
[SourceDate "2008.06.24"]
[SourceVersion "1"]
[SourceVersionDate "2008.06.24"]
[SourceQuality "1"]

1. e4 d6 2. Nf3 g6 3. d4 Bg7 4. Be3 Nf6 5. Nc3 0-0 6. Qd2 c6 7. Bh6 Qa5 8. a3 Bxh6 9. Qxh6 Qh5 10. Qxh5 Nxh5 11. 0-0-0 Bg4 12. Be2 Nf4 13. h3 Nxe2+ 14. Nxe2 Bxf3 15. gxf3 Nd7 16. f4 f5 17. e5 Kf7 18. Nc3 Nb6 19. b3 Ke6 20. Rhe1 Nd5 21. exd6+ Kxd6 22. Nxd5 cxd5 23. Re5 Rac8 24. Rde1 Rfe8 25. Re6+ Kd7 26. Kd2 Rc6 1/2-1/2

[Event "IECC CL6-2001.31"]
[Site "IECC email"]
[Date "2001.10.11"]
[Round "?"]
[White "Lake, Jim"]
[Black "Possolo, Miguel"]
[Result "1-0"]
[WhiteElo "1432"]
[BlackElo "1242"]
[PlyCount "47"]
[EventDate "2001.??.??"]
[EventType "tourn (corr)"]
[EventRounds "4"]
[SourceTitle "Corr 2008"]
[Source "ChessBase"]
[SourceDate "2008.06.24"]
[SourceVersion "1"]
[SourceVersionDate "2008.06.24"]
[SourceQuality "1"]

1. e4 c5 2. Nf3 d6 3. d4 cxd4 4. Nxd4 e5 5. Nf3 Nf6 6. Nc3 Nbd7 7. Bg5 h6 8. Bxf6 Nxf6 9. Bb5+ Bd7 10. Bxd7+ Qxd7 11. Qd3 0-0-0 12. 0-0 g5 13. Rad1 Nh5 14. Qe3 Kb8 15. Nxe5 Qe6 16. Nb5 Qxe5 17. Rd5 Qe7 18. Qxa7+ Kc8 19. e5 Qe6 20. Qa8+ Kd7 21. Qxb7+ Ke8 22. Nc7+ Ke7 23. Nxe6+ Rd7 24. exd6+ 1-0

[Event "IECC CL6-2001.31"]
[Site "IECC email"]
[Date "2001.10.11"]
[Round "?"]
[White "Possolo, Miguel"]
[Black "Kerber, Krzysztof"]
[Result "0-1"]
[WhiteElo "1228"]
[BlackElo "1217"]
[PlyCount "56"]
[EventDate "2001.??.??"]
[EventType "tourn (corr)"]
[EventRounds "4"]
[SourceTitle "Corr 2008"]
[Source "ChessBase"]
[SourceDate "2008.06.24"]
[SourceVersion "1"]
[SourceVersionDate "2008.06.24"]
[SourceQuality "1"]

1. e4 c5 2. Nf3 Nc6 3. Bb5 d6 4. 0-0 Bd7 5. c4 Nf6 6. d3 e6 7. Re1 Be7 8. e5 dxe5 9. Nxe5 Nxe5 10. Bxd7+ Nexd7 11. Nc3 0-0 12. d4 cxd4 13. Qxd4 Nb6 14. Qf4 Rc8 15. b3 Qd3 16. Bb2 Qg6 17. Ne4 Nxe4 18. Rxe4 Rfd8 19. Qf3 h5 20. g4 h4 21. h3 Rd7 22. Qe2 Rcd8 23. Bc3 Nc8 24. Qe3 Rd3 25. Qe1 Rxh3 26. Be5 Rdd3 27. Rd1 Rxd1 28. Qxd1 Qxe4 0-1

[Event "IECC CL6-2001.25"]
[Site "IECC email"]
[Date "2001.08.04"]
[Round "?"]
[White "Nash, Chris"]
[Black "Possolo, Miguel"]
[Result "0-1"]
[WhiteElo "1305"]
[BlackElo "1202"]
[PlyCount "52"]
[EventDate "2001.??.??"]
[EventType "tourn (corr)"]
[EventRounds "4"]
[SourceTitle "Corr 2008"]
[Source "ChessBase"]
[SourceDate "2008.06.24"]
[SourceVersion "1"]
[SourceVersionDate "2008.06.24"]
[SourceQuality "1"]

1. e4 c5 2. Nf3 d6 3. d4 Qa5+ 4. Bd2 Qb6 5. Bc3 e6 6. dxc5 Qxc5 7. Be2 e5 8. 0-0 Nf6 9. Nbd2 Be7 10. Nb3 Qc7 11. Qd3 0-0 12. Nfd2 Be6 13. f4 d5 14. Bxe5 dxe4 15. Nxe4 Qb6+ 16. Bd4 Qd8 17. Nxf6+ Bxf6 18. Bxf6 Qxf6 19. Bf3 Nc6 20. Bxc6 bxc6 21. Nc5 Rad8 22. Qa3 Qd4+ 23. Kh1 Bd5 24. Rad1 Qc4 25. b3 Qxc2 26. Rg1 Bxg2+ 0-1

[Event "IECC P email"]
[Site "IECC email"]
[Date "2000.10.31"]
[Round "?"]
[White "Haase, Peter"]
[Black "Possolo, Miguel"]
[Result "1-0"]
[WhiteElo "1307"]
[BlackElo "1226"]
[PlyCount "111"]
[EventDate "2000.??.??"]
[EventType "tourn (corr)"]
[EventRounds "6"]
[SourceTitle "Corr 2008"]
[Source "ChessBase"]
[SourceDate "2008.06.24"]
[SourceVersion "1"]
[SourceVersionDate "2008.06.24"]
[SourceQuality "1"]

1. g4 e5 2. Bg2 d5 3. c4 e4 4. cxd5 Bxg4 5. Bxe4 Nf6 6. f3 Bh5 7. Nc3 Bc5 8. Qc2 Nxe4 9. Qxe4+ Qe7 10. Qxe7+ Bxe7 11. d3 Bh4+ 12. Kd1 c6 13. Bf4 0-0 14. Bg3 Bf6 15. Bxb8 Raxb8 16. dxc6 bxc6 17. Kc2 a5 18. Rb1 c5 19. Ne4 Bd4 20. Nh3 f5 21. Nd6 Rf6 22. Nc4 Re8 23. Rbe1 a4 24. Nf4 Bf7 25. b3 axb3+ 26. axb3 Ra6 27. e3 Ra2+ 28. Kb1 Ra1+ 29. Kc2 Rxe1 30. Rxe1 Bxc4 31. bxc4 Rxe3 32. Rxe3 Bxe3 33. Nd5 Bg5 34. Kb3 Bh4 35. Ka4 Bf2 36. Kb5 Kf7 37. Nc7 Ke7 38. Kc6 g5 39. Na6 g4 40. f4 Be3 41. Nxc5 Bxf4 42. d4 Bxh2 43. Nd3 g3 44. Nf4 h5 45. d5 g2 46. Nxg2 Bd6 47. c5 Be5 48. d6+ Kd8 49. Kd5 Bg3 50. c6 h4 51. Ke6 h3 52. c7+ Kc8 53. d7+ Kxc7 54. Ke7 Bd6+ 55. Ke8 hxg2 56. d8Q+ 1-0

[Event "IECC CL6-2000.31"]
[Site "IECC email"]
[Date "2000.09.29"]
[Round "?"]
[White "Possolo, Miguel"]
[Black "Ribeiro, Rogerio"]
[Result "0-1"]
[WhiteElo "1286"]
[BlackElo "1221"]
[PlyCount "72"]
[EventDate "2000.??.??"]
[EventType "tourn (corr)"]
[EventRounds "4"]
[SourceTitle "Corr 2008"]
[Source "ChessBase"]
[SourceDate "2008.06.24"]
[SourceVersion "1"]
[SourceVersionDate "2008.06.24"]
[SourceQuality "1"]

1. e4 c5 2. Nf3 d6 3. Bb5+ Bd7 4. Nc3 Bxb5 5. Nxb5 Nf6 6. d3 g6 7. 0-0 Bg7 8. Re1 0-0 9. e5 dxe5 10. Nxe5 Nbd7 11. Bf4 Nh5 12. Qd2 Nxf4 13. Qxf4 Nxe5 14. Rxe5 Qb6 15. c4 a6 16. Nc7 Qxc7 17. Re4 Qxf4 18. Rxf4 Rad8 19. Rf3 Bxb2 20. Rb1 Bd4 21. a4 b6 22. h3 Rd6 23. Re1 e6 24. Re2 Rfd8 25. Rd2 f6 26. Ra2 Kf7 27. g4 g5 28. Kg2 Kg6 29. a5 b5 30. cxb5 axb5 31. a6 b4 32. a7 Ra8 33. Ra5 Rb6 34. Ra2 b3 35. Rd2 b2 36. Rd1 Rxa7 0-1

[Event "IECC P email"]
[Site "IECC email"]
[Date "2000.04.24"]
[Round "?"]
[White "Stainer, Joel"]
[Black "Possolo, Miguel"]
[Result "1-0"]
[WhiteElo "1453"]
[BlackElo "1293"]
[PlyCount "87"]
[EventDate "2000.??.??"]
[EventType "tourn (corr)"]
[EventRounds "6"]
[SourceTitle "Corr 2008"]
[Source "ChessBase"]
[SourceDate "2008.06.24"]
[SourceVersion "1"]
[SourceVersionDate "2008.06.24"]
[SourceQuality "1"]

1. e4 e5 2. f4 d6 3. Nf3 exf4 4. d4 g5 5. h4 f6 6. hxg5 fxg5 7. Bc4 Bg4 8. Bxg8 Rxg8 9. Rxh7 Nc6 10. c3 Rg7 11. Rxg7 Bxg7 12. Qb3 b6 13. Qg8+ Bf8 14. Nxg5 Qf6 15. Qd5 Bd7 16. Nd2 Bh6 17. Ndf3 0-0-0 18. Nf7 Re8 19. Nxh6 Qxh6 20. Kf2 Kb8 21. Qg5 Qh7 22. Qd5 Rxe4 23. Bd2 Ne7 24. Qg5 Qf7 25. Rh1 Qxa2 26. Rh7 Qc4 27. Kg1 Qe6 28. Bxf4 Qg4 29. Rxe7 Qxf4 30. Qxf4 Rxf4 31. Rxd7 Re4 32. Kf2 Kc8 33. Rf7 a5 34. g4 Rxg4 35. d5 Rc4 36. Nd2 Rc5 37. c4 b5 38. Ke3 bxc4 39. Kd4 Kb7 40. Ne4 Kb6 41. Nxc5 dxc5+ 42. Kxc4 a4 43. Rf1 c6 44. d6 1-0

[Event "IECC P email"]
[Site "IECC email"]
[Date "2000.01.27"]
[Round "?"]
[White "Weggen, Rick HM"]
[Black "Possolo, Miguel"]
[Result "1-0"]
[WhiteElo "1720"]
[BlackElo "1306"]
[PlyCount "49"]
[EventDate "2000.??.??"]
[EventType "tourn (corr)"]
[EventRounds "6"]
[SourceTitle "Corr 2008"]
[Source "ChessBase"]
[SourceDate "2008.06.24"]
[SourceVersion "1"]
[SourceVersionDate "2008.06.24"]
[SourceQuality "1"]

1. d4 e6 2. Nf3 Nf6 3. Bg5 h6 4. Bh4 Be7 5. e3 Ne4 6. Bxe7 Qxe7 7. Nbd2 Nxd2 8. Qxd2 0-0 9. Bd3 d5 10. 0-0 c5 11. dxc5 Qxc5 12. Rac1 Nc6 13. c4 d4 14. exd4 Qe7 15. d5 exd5 16. cxd5 Nb4 17. d6 Qf6 18. Qxb4 Rd8 19. Rfd1 g6 20. Be4 Rb8 21. Rc7 Qe6 22. Bd5 Qe2 23. Bxf7+ Kh8 24. Qd4+ Kh7 25. Bg8+ 1-0

[Event "IECC CL6-2000.07"]
[Site "IECC email"]
[Date "2000.01.13"]
[Round "?"]
[White "Tosney, Paul"]
[Black "Possolo, Miguel"]
[Result "1/2-1/2"]
[WhiteElo "1306"]
[BlackElo "1316"]
[PlyCount "49"]
[EventDate "2000.??.??"]
[EventType "tourn (corr)"]
[EventRounds "4"]
[SourceTitle "Corr 2008"]
[Source "ChessBase"]
[SourceDate "2008.06.24"]
[SourceVersion "1"]
[SourceVersionDate "2008.06.24"]
[SourceQuality "1"]

1. c4 e5 2. g3 Nf6 3. Bg2 d5 4. cxd5 Nxd5 5. Nf3 Nc6 6. 0-0 Bd6 7. d3 0-0 8. Nbd2 Be6 9. Ne4 f5 10. Nxd6 Qxd6 11. e4 Nde7 12. Ng5 Rad8 13. Nxe6 Qxe6 14. Qe2 Nd4 15. Qd2 f4 16. f3 fxg3 17. hxg3 c5 18. b3 Nec6 19. Ba3 b6 20. Rac1 a5 21. Bb2 Nb4 22. Bxd4 Rxd4 23. Rc3 Rfd8 24. Rd1 Qd6 25. Bf1 1/2-1/2